[Event "HUN-ch Rapid 2020"]
[Site "Ajka"]
[Date "2020.07.18"]
[Round "9.6"]
[White "Mihok, Oliver"]
[Black "Ruck, Robert"]
[Result "1/2-1/2"]
[WhiteElo "2552"]
[BlackElo "2540"]
[Annotator "TA"]
[PlyCount "47"]
[EventDate "2020.07.17"]
[EventType "swiss"]
[EventCountry "HUN"]
[SourceTitle "playchess.com"]
[Source "ChessBase"]
[SourceQuality "1"]

{[%evp 12,47,21,15,18,18,39,27,36,34,40,12,37,39,56,42,40,36,79,34,48,2,25,11,27,-17,-14,-20,-2,-18,-7,-25,-16,-15,-18,-19,0,-23]} 1. e4 c6 2. d4 d5 3. Nd2 dxe4 4. Nxe4 Bf5 5. Ng3 Bg6 6. Bc4 Nf6 (6... e6 7. N1e2 Bd6 8. h4 h6 9. Nf4 Bxf4 10. Bxf4 Nf6 11. Qe2 Nbd7 12. h5 Bh7 13. O-O-O O-O 14. Bd3 Bxd3 15. Rxd3 Qa5 16. Kb1 c5 17. Ne4 cxd4 18. Nxf6+ Nxf6 19. Be5 {1-0 (42) Mihok,O (2550)-Ruck,R (2524) Ajka 2019}) 7. N1e2 Nbd7 {B18: Classical Caro-Kann: 4...Bf5 sidelines.} 8. O-O Nb6 9. Bd3 Bxd3 {White has an edge.} 10. Qxd3 {[#]} g6 $146 ({Predecessor:} 10... e6 11. Re1 Be7 12. Bf4 O-O 13. Ne4 Nxe4 14. Qxe4 Nd5 15. Rad1 Nf6 16. Qf3 Qd5 17. Qxd5 cxd5 {½-½ (39) Podetti,D (1741)-Boer,S (1918) Milan 2013}) 11. f4 Bg7 12. f5 Qd7 13. a4 {[%cal Ba2a4,Ba4a5][%mdl 32]} Rd8 14. a5 Nbd5 15. Bd2 O-O 16. Kh1 e6 17. fxg6 fxg6 18. Ne4 Nxe4 19. Qxe4 Rde8 20. c4 Ne7 21. Bc3 Rxf1+ 22. Rxf1 {The position is equal.} Nf5 23. b3 Re7 24. Re1 {Accuracy: White = 66%, Black = 87%.} 1/2-1/2

[Event "HUN-ch Rapid 2020"]
[Site "Ajka"]
[Date "2020.07.18"]
[Round "9.7"]
[White "Kaczur, Florian"]
[Black "Almasi, Zoltan"]
[Result "1/2-1/2"]
[WhiteElo "2507"]
[BlackElo "2687"]
[Annotator "TA"]
[PlyCount "88"]
[EventDate "2020.07.17"]
[EventType "swiss"]
[EventCountry "HUN"]
[SourceTitle "playchess.com"]
[Source "ChessBase"]
[SourceQuality "1"]

{[%evp 9,88,31,45,36,43,20,19,26,18,0,10,4,16,4,13,8,10,-1,47,0,17,0,0,0,1,1,9,0,0,0,5,14,34,16,39,35,43,0,0,0,0,0,0,0,30,30,36,31,86,85,78,84,60,0,0,0,0,0,8,0,0,0,0,0,0,0,0,0,0,0,0,0,0,0,0,0,0,0,0,-8,-8]} 1. e4 d6 2. d4 g6 3. Nc3 {[%cal Bb1c3,Bc3d5,Bd5e3,Be3c4][%mdl 32]} Bg7 4. Nge2 a6 5. g3 b5 6. Bg2 {B06: Modern Defence.} Bb7 7. a4 b4 8. Nd5 a5 {[#]} 9. c3 $146 ({Predecessor:} 9. c4 Nd7 10. h4 e6 11. Ne3 h5 12. O-O Ne7 13. f4 c5 14. d5 exd5 15. exd5 {0-1 (27) Ladanyi,Z (2125)-Chernyshov,K (2500) Harkany 2018}) 9... e6 10. Ne3 Nf6 11. Qc2 O-O 12. O-O Na6 13. Rd1 Qb8 14. Bd2 Re8 15. Nc4 Bxe4 {[%mdl 64] [#] Decoy} 16. Bxe4 Nxe4 17. Qxe4 {Threatens to win with Qc6.} d5 18. Qd3 dxc4 19. Qxc4 Qb7 20. Nf4 Reb8 21. Nd3 bxc3 22. bxc3 Qb3 23. Qxb3 (23. Qc6 {keeps more tension.} Qb7 24. Qxb7 Rxb7 25. Rdb1 Rab8 26. Rxb7 Rxb7 27. Kf1) 23... Rxb3 24. Rdb1 Rab8 25. Rxb3 Rxb3 26. Ra2 h5 27. Kf1 Kf8 28. Ke2 Ke7 (28... c5 $14) 29. Rb2 $16 Rxb2 30. Nxb2 {[%mdl 4096] Endgame KBN-KBN} c5 31. Nc4 (31. Kd3 $14) 31... cxd4 $11 {The position is equal.} 32. cxd4 Bxd4 33. Nxa5 {[#] Nc6+ is the strong threat.} Kd6 34. Nb3 Bg7 35. Kd3 Kd5 36. h3 e5 37. f3 f5 38. g4 e4+ 39. Ke2 exf3+ 40. Kxf3 fxg4+ 41. hxg4 Kc4 42. Nc1 hxg4+ 43. Kxg4 Nc5 44. a5 Kb5 {Accuracy: White = 90%, Black = 92%.} 1/2-1/2

[Event "HUN-ch Rapid 2020"]
[Site "Ajka"]
[Date "2020.07.18"]
[Round "9.8"]
[White "Meszaros, Tamas"]
[Black "Balogh, Csaba"]
[Result "1-0"]
[WhiteElo "2378"]
[BlackElo "2580"]
[Annotator "TA"]
[PlyCount "35"]
[EventDate "2020.07.17"]
[EventType "swiss"]
[EventCountry "HUN"]
[SourceTitle "playchess.com"]
[Source "ChessBase"]
[SourceQuality "1"]

{[%evp 11,35,41,38,0,30,30,24,-2,18,7,72,69,107,46,58,55,55,26,22,25,183,166,497,494,1112,1101]} 1. e4 c5 2. Nf3 e6 3. d4 cxd4 4. Nxd4 a6 5. Nc3 b5 6. Bd3 Bb7 7. Be3 {B43: Sicilian: Kan Variation: 5 Nc3.} Nc6 8. Nxc6 Bxc6 {[#]} 9. Qe2 $146 {White has an edge.} ({Predecessor:} 9. O-O Qc7 10. Qe2 Nf6 11. a3 h5 12. f4 Ng4 13. Bd4 Bb7 14. b4 Rc8 15. e5 {0-1 (46) Ferrante,M (2128)-Gromovs,S (2339) Senigallia 2009}) 9... Qb8 10. a4 {[%cal Ra4b5]} Bb4 (10... Nf6 $11 {keeps the balance.}) 11. axb5 axb5 12. Rxa8 (12. O-O $16) 12... Qxa8 13. O-O $36 {[%mdl 2048] White is pushing.} Nf6 14. e5 Bxc3 15. bxc3 Ne4 $2 {[#]} (15... Bxg2 $11 {and Black is okay.} 16. exf6 Bxf1 17. Qxf1 gxf6) 16. Qg4 $18 Kf8 $2 (16... g6 17. Qf4 h6) 17. f3 f5 (17... h5 $142 18. Qh4 g5) 18. fxe4 {Accuracy: White = 42%, Black = 17%.} 1-0

[Event "HUN-ch Rapid 2020"]
[Site "Ajka"]
[Date "2020.07.18"]
[Round "9.9"]
[White "Balog, Imre"]
[Black "Csonka, Balazs"]
[Result "0-1"]
[WhiteElo "2567"]
[BlackElo "2498"]
[Annotator "TA"]
[PlyCount "90"]
[EventDate "2020.07.17"]
[EventType "swiss"]
[EventCountry "HUN"]
[SourceTitle "playchess.com"]
[Source "ChessBase"]
[SourceQuality "1"]

{[%evp 13,90,6,8,0,6,-32,0,-12,-17,-25,-11,-36,-38,-29,-6,-66,-5,-27,-35,-56,-42,-48,-52,-41,-35,-54,-38,-49,-27,-27,-29,-62,-56,-77,-68,-76,-85,-84,-77,-84,-85,-84,-84,-97,-102,-119,-106,-103,-91,-91,-95,-97,-90,-107,-100,-105,-107,-153,-148,-152,-152,-152,-152,-161,-150,-164,-132,-185,-185,-196,-185,-193,-185,-218,-212,-204,-178,-730,-726]} 1. d4 d5 2. Nf3 Nf6 3. c4 e6 4. g3 dxc4 5. Qa4+ Bd7 6. Qxc4 c5 7. Bg2 Bc6 8. O-O {E04: Open Catalan: 5 Nf3.} Nbd7 9. Nc3 Rc8 (9... b5 $5 {[%cal Rb5c4]} 10. Qd3 (10. Nxb5 Nb6 $17) 10... b4 $15) 10. Bg5 {The position is equal.} cxd4 11. Qxd4 Bc5 12. Qh4 O-O 13. Rad1 h6 {[#]} 14. Bc1 $146 (14. Bxf6 $11 Qxf6 15. Qxf6 Nxf6 16. Ne5) ({Predecessor:} 14. Bxf6 Qxf6 15. Qxf6 Nxf6 16. Ne5 Bxg2 17. Kxg2 Bb4 18. Nd7 Nxd7 19. Rxd7 Bxc3 {½-½ (21) Zupe,M (2349)-Sakelsek,T (2403) Murska Sobota 2008}) 14... Nd5 ({Black should play} 14... Qa5 $15) 15. Qxd8 Rfxd8 16. Ne4 Ba4 17. b3 Bb5 $36 {[%mdl 2048] Black fights for an advantage.} 18. Rfe1 Be7 19. Nd4 Ba6 20. Bb2 Bb4 21. Rf1 Nc5 22. Nxc5 Bxc5 23. Bf3 {[#]} Bb6 $1 {Threatens to win with ...Nc3. White is now going downhill.} 24. Rc1 {[#]} Rxc1 $1 25. Rxc1 Nb4 26. a3 Bxd4 27. Bxd4 Rxd4 28. axb4 Rxb4 $17 {[%mdl 4096] Endgame KRB-KRB} 29. Rc3 g6 30. Kf1 b6 31. Ke1 Bb5 32. Kd2 Kg7 33. h4 g5 34. hxg5 hxg5 35. Re3 a5 36. Kc3 Kf6 37. Be4 Ke7 38. Bc2 Bc6 39. Kb2 Rb5 40. Rc3 (40. Bd3 $17 Rb4 41. Bc2) 40... Kd6 $19 41. Kc1 Rc5 42. Rd3+ Ke7 43. f3 Bb5 44. Re3 a4 {[%cal Ba5a4,Ba4a3][%mdl 32]} 45. Kb2 $2 {[#]} (45. Kb1) 45... a3+ $1 {[%mdl 512] Accuracy: White = 75%, Black = 85%.} 0-1

[Event "HUN-ch Rapid 2020"]
[Site "Ajka"]
[Date "2020.07.18"]
[Round "9.10"]
[White "Horvath, Tamas I"]
[Black "Papp, Gabor"]
[Result "0-1"]
[WhiteElo "2318"]
[BlackElo "2602"]
[Annotator "TA"]
[PlyCount "46"]
[EventDate "2020.07.17"]
[EventType "swiss"]
[EventCountry "HUN"]
[SourceTitle "playchess.com"]
[Source "ChessBase"]
[SourceQuality "1"]

{[%evp 13,46,53,71,17,15,0,0,-34,-64,-106,-106,-106,-106,-106,-97,-91,-87,-119,-114,-396,-406,-422,-424,-422,-418,-403,-400,-573,-439,-429,-356,-382,-348,-350,-336]} 1. e4 g6 2. d4 Bg7 3. Nc3 d6 4. Bg5 c6 5. Qd2 Nd7 6. f4 b5 7. Nf3 b4 8. Nd1 {B06: Modern Defence.} (8. Na4 $16) 8... c5 $5 {[%mdl 4] [#] Exploring less charted territory.} 9. Ne3 $146 ({Predecessor:} 9. Nf2 Qb6 10. O-O-O Bb7 11. dxc5 Nxc5 12. e5 f6 13. exd6 Bxf3 14. d7+ Kd8 15. gxf3 fxg5 {0-1 (23) Renet,O (2480)-Todorcevic,M (2535) Marseille 1989}) 9... Ngf6 10. e5 {The position is equal.} Ne4 11. Qd3 Nxg5 12. Nxg5 {[#] e6 is the strong threat.} cxd4 $1 13. e6 Nc5 {[%mdl 64] Double Attack} ({Not} 13... dxe3 $2 14. exf7+ Kf8 15. Ne6+ Kxf7 16. Nxd8+ Rxd8 17. Qd5+ e6 18. Qxa8 $18) 14. Qb5+ Kf8 15. Nxf7 Qb6 $36 {[%mdl 2048] Keeping White busy.} 16. Nd5 $2 {[%mdl 8192]} (16. Nd1 $17) 16... Qxb5 $19 17. Bxb5 Bxe6 {[%mdl 64] [#] Double Attack} 18. Nxh8 {Black must now prevent Nc7.} Bxd5 19. Nxg6+ hxg6 20. O-O (20. Bd3 {was necessary.}) 20... Be4 21. Rf2 e6 22. Rd1 Ke7 23. Bf1 Rc8 {White got outplayed after the opening. Accuracy: White = 40%, Black = 91%.} 0-1

[Event "HUN-ch Rapid 2020"]
[Site "Ajka"]
[Date "2020.07.18"]
[Round "9.11"]
[White "Kiss, Pal"]
[Black "Nagy, Gabor"]
[Result "1/2-1/2"]
[WhiteElo "2266"]
[BlackElo "2502"]
[Annotator "TA"]
[PlyCount "125"]
[EventDate "2020.07.17"]
[EventType "swiss"]
[EventCountry "HUN"]
[SourceTitle "playchess.com"]
[Source "ChessBase"]
[SourceQuality "1"]

{[%evp 17,125,34,68,20,37,29,83,21,10,16,65,16,17,23,18,38,31,43,53,46,55,35,80,69,94,33,88,35,89,0,0,0,0,0,0,0,17,8,8,24,23,0,6,0,152,142,287,0,0,0,0,-43,-41,-41,-33,-36,-62,-87,0,0,0,0,0,0,0,0,0,0,0,0,0,0,0,0,0,0,0,0,0,0,0,0,0,0,0,0,0,0,0,0,0,0,0,0,0,0,0,0,0,0,0,0,0,0,0,0,0,0,0,0]} 1. d4 Nf6 2. c4 g6 3. Nc3 Bg7 4. e4 d6 5. Nf3 O-O 6. Be2 Na6 7. O-O e5 8. Re1 Qe8 9. Bf1 Bg4 10. Be3 {E94: King's Indian: Classical: 6 Be2 e5 7 0-0: Various Black 7th moves.} Nd7 11. Be2 c6 {[#]} (11... exd4 $11 {remains equal.} 12. Nxd4 Bxe2 13. Qxe2 Nac5) 12. h3 $146 (12. d5 $16) ({Predecessor:} 12. d5 c5 13. a3 Qe7 14. Rb1 f5 15. h3 Bxf3 16. Bxf3 f4 17. Bd2 h5 18. g3 fxg3 19. fxg3 {½-½ (64) Hebert,J (2435)-Kazhgaleyev,M (2490) Cannes 1996}) 12... Bxf3 13. Bxf3 Qe7 14. Qd2 exd4 15. Bxd4 Bxd4 16. Qxd4 Ne5 17. Be2 Qf6 18. Rad1 Rad8 19. Qe3 Nc5 20. f4 {Threatens to win with b4.} Ned7 21. Bg4 ({White should try} 21. Rd2 $16) 21... Qe7 {[#]} (21... a5 $14) 22. Bxd7 (22. b4 $1 $16) 22... Rxd7 (22... Nxd7 $14 23. Qxa7 Nc5) 23. Rd2 (23. b4 $16 Na6 24. a3 (24. Qxa7 Nxb4 25. a3 Na6 $11)) 23... a5 $11 24. b3 Re8 25. Qf3 Qh4 26. Ree2 Ne6 27. g3 Qd8 28. Kg2 Nc5 29. Re1 Qb6 30. Red1 Rde7 $2 ({Black should play} 30... a4 $11) 31. Rxd6 $16 {And now Nd5! would win.} Nxe4 {[#]} (31... Qb4 $16) 32. Nxe4 $2 (32. Nd5 $1 $18 {[%cal Rd5b6][%mdl 512]} Qc5 (32... cxd5 33. Rxb6) 33. Nxe7+ Rxe7 34. Rd8+ Kg7 35. R8d7) 32... Rxe4 $11 33. R1d2 a4 34. R6d3 Qa5 35. h4 h5 36. Rf2 Qf5 37. Rfd2 R8e7 (37... Kh7 $17) 38. Rd8+ {The position is equal.} Kg7 39. Qc3+ $1 f6 {( -> ...Re2+)} 40. Qd3 axb3 41. axb3 Qe6 42. Rd7 Kh6 {aiming for ...Rxd7.} 43. Rxe7 $1 Qxe7 {[%mdl 4096] Endgame KQR-KQR} 44. Kf2 Qc5+ 45. Kg2 Qe7 46. Kf2 Re1 47. Re2 Rxe2+ 48. Qxe2 {KQ-KQ} Qb4 49. Qe3 Kg7 50. Qd3 Qe7 51. Qd4 c5 52. Qd5 b6 53. Qc6 Qd8 54. Qb7+ Kh6 55. Qf7 Qd2+ 56. Kf1 Qd1+ 57. Kf2 Qc2+ 58. Kf1 Qb1+ 59. Kf2 Qc2+ 60. Kf1 Qd3+ 61. Kf2 Qd4+ 62. Kf1 Qd3+ 63. Kf2 {Accuracy: White = 79%, Black = 81%.} 1/2-1/2

[Event "HUN-ch Rapid 2020"]
[Site "Ajka"]
[Date "2020.07.18"]
[Round "9.12"]
[White "Balint, Vilmos"]
[Black "Horvath, Adam"]
[Result "0-1"]
[WhiteElo "2143"]
[BlackElo "2488"]
[Annotator "TA"]
[PlyCount "84"]
[EventDate "2020.07.17"]
[EventType "swiss"]
[EventCountry "HUN"]
[SourceTitle "playchess.com"]
[Source "ChessBase"]
[SourceQuality "1"]

{[%evp 11,83,48,60,0,27,-5,2,-32,-25,-46,-35,-71,-43,-66,-46,-97,-105,-98,-66,-128,-113,-114,-99,-164,-171,-443,-205,-408,-175,-198,-198,-228,-183,-337,-320,-331,-340,-478,-446,-547,-521,-523,-514,-574,-585,-555,-542,-512,-522,-922,-929,-871,-891,-29984,-29985,-29985,-29986,-29997,-29998,-29998,-29995,-29995,-29996,-29996,-29997,-29997,-29996,-29996,-29997,-29997,-29998,-29998,-29999,-29999]} 1. Nf3 c5 2. c4 Nc6 3. Nc3 g6 4. e3 Bg7 5. d4 d6 6. d5 Na5 {[#]} 7. h4 $146 {A35: Symmetrical English: 2 Nc3 Nc6 3 Nf3.} ({White should try} 7. Qc2 $14) ({Predecessor:} 7. e4 Nf6 8. h3 O-O 9. Bd3 e5 10. Bg5 h6 11. Bd2 b6 12. Qc1 Kh7 13. g4 Ng8 14. Rg1 a6 15. b3 {1-0 (65) Shtembuliak,E (2600)-Moiseenko,A (2623) Lutsk 2019}) 7... Nf6 8. Be2 a6 9. a4 {The position is equal.} e6 10. e4 exd5 11. exd5 Bf5 12. Nd2 Qd7 13. Ra3 ({Better is} 13. f3 $15) 13... O-O $17 14. h5 gxh5 (14... Nxh5 15. g4 $15) 15. Kf1 (15. Nb3 $15 Nxb3 16. Rxb3) 15... Rfe8 16. Nf3 Re7 17. Bd2 (17. Kg1 $17) 17... Rae8 $19 18. Nh4 $2 (18. Kg1 {might work better.}) 18... Bg6 (18... Ng4 $142 19. Bxg4 Bxg4) 19. Qc1 $2 (19. b3) 19... Qd8 (19... Ng4 $142 {...Bxc3 is the strong threat.} 20. Bxg4 Qxg4) 20. Bg5 Qb6 21. Nxg6 hxg6 22. Qc2 $2 {[#]} (22. Rh3 {was the only defense.}) 22... Nxc4 $1 {[%mdl 512]} 23. Rb3 (23. Bxc4 Re1#) 23... Qd8 24. g4 (24. Rh4 $142 Nb6 25. Rf4 Nbxd5 26. Nxd5 Nxd5 27. Bxe7 Qxe7 28. Rff3) 24... Na5 25. gxh5 Nxb3 26. Qxb3 {If only White now had time for hxg6....} Re5 27. Bh4 g5 28. Bg3 Ne4 29. Nxe4 Rxe4 30. Bd3 {[#]} c4 $1 31. Bxc4 Qc8 {Hoping for ...Re1+.} 32. h6 Re1+ {Black mates.} 33. Kg2 Rxh1 34. hxg7 Qh3+ 35. Kf3 g4+ 36. Kf4 Qh6+ {[%mdl 64] Double Attack} 37. Kxg4 Qg6+ 38. Kf4 Qe4+ 39. Kg5 {[#]} f6+ $1 {[%mdl 64] Deflection, Decoy} 40. Kxf6 Rh6+ 41. Kg5 Rg6+ {[%mdl 64] Double Attack} 42. Kh5 Qg4# {Accuracy: White = 23%, Black = 84%.} 0-1

[Event "HUN-ch Rapid 2020"]
[Site "Ajka"]
[Date "2020.07.18"]
[Round "9.13"]
[White "Terbe, Julianna"]
[Black "Seres, Lajos"]
[Result "0-1"]
[WhiteElo "2273"]
[BlackElo "2418"]
[Annotator "TA"]
[PlyCount "60"]
[EventDate "2020.07.17"]
[EventType "swiss"]
[EventCountry "HUN"]
[SourceTitle "playchess.com"]
[Source "ChessBase"]
[SourceQuality "1"]

{[%evp 9,60,-28,0,0,0,0,0,0,0,0,0,-13,0,-20,-7,-2,16,3,57,54,84,69,70,37,28,0,0,13,1,-133,-137,-106,0,0,17,-94,-104,-333,-336,-330,-320,-320,-315,-981,-938,-866,-600,-555,-257,-1242,-937,-895,-898]} 1. d4 d5 2. Nf3 Nf6 3. g3 c6 4. c4 dxc4 5. Ne5 Nbd7 6. Nxc4 {D11: Slav Defence: 3 Nf3 sidelines and 3...Nf6 4 e3 Bg4.} b5 7. Ne3 Bb7 8. Bg2 {The position is equal.} e6 9. O-O {[#]} Qb6 $146 ({Predecessor:} 9... Nb6 10. Nc3 Qd7 11. Qd3 Be7 12. a4 a6 13. a5 Nbd5 14. Nexd5 cxd5 15. Bf4 O-O {0-1 (28) Khayutin,C (1956)-Sturt,R (2294) Montreal 2013}) 10. Nc3 Be7 11. a4 b4 12. Ne4 Nxe4 13. Bxe4 {With the idea a5.} Nf6 (13... Rc8 $11) 14. Nc4 $14 Qa6 15. Bd3 c5 16. Ne5 Qd6 17. Bb5+ (17. Bf4 $5 {[%cal Rd3b5]} Qd5 18. e4 $1 {[%mdl 512]} Nxe4 19. Bc4 (19. Bb5+ Kf8 $11) 19... Qxd4 20. Qe2 $14 (20. Bb5+ Kf8 $14)) 17... Kf8 18. Bf4 {Black must now prevent Nd7+!} Qd5 $1 $40 {[%csl Gb7][%cal Rd5h1][%mdl 128] Black attacks.} 19. Nf3 (19. f3 $1 $11) 19... a6 $17 20. Bd3 {[#]} cxd4 ({Black should try} 20... c4 $1 $17 {[%cal Rc4d3]} 21. Bc2 Ne4) 21. Rc1 $11 Rd8 22. Bc4 (22. Rc7 $11 {keeps the balance.}) 22... Qh5 $17 23. Ne5 $2 {This move loses the game for White.} (23. h4 $17) 23... g5 $19 ({Not} 23... Qh3 24. f3 $17) 24. Bd2 Bd6 ({Don't do} 24... Qh3 25. f3 $19) 25. Nf3 Ng4 {( -> ...Bxf3)} 26. h4 $2 (26. Bxg5 Nxh2 27. Bxd8 Nxf3+ 28. exf3 Bxf3 29. Qxf3 Qxf3 30. Be2 Qxe2 {[#]} 31. Bf6 $1 {[%mdl 512]}) 26... gxh4 27. Kg2 h3+ 28. Kh1 Ne5 (28... Rg8 $142 29. a5 Kg7) 29. Qb3 $2 (29. Kh2) 29... a5 30. Kh2 Bxf3 {Accuracy: White = 53%, Black = 68%.} 0-1

[Event "HUN-ch Rapid 2020"]
[Site "Ajka"]
[Date "2020.07.18"]
[Round "9.14"]
[White "Ongut, Tamas Gunes"]
[Black "Fancsy, Imre"]
[Result "1/2-1/2"]
[WhiteElo "2305"]
[BlackElo "2352"]
[Annotator "TA"]
[PlyCount "60"]
[EventDate "2020.07.17"]
[EventType "swiss"]
[EventCountry "HUN"]
[SourceTitle "playchess.com"]
[Source "ChessBase"]
[SourceQuality "1"]

{[%evp 14,60,31,31,34,30,25,0,20,-8,0,-13,0,0,0,-10,-7,-17,0,0,0,-19,-19,-19,-19,-11,-14,-36,-22,-38,-15,-44,-37,-49,-47,-41,-40,-49,-38,-56,-10,-45,-59,-71,0,0,0,-61,0]} 1. d4 d5 2. c4 e6 3. Nc3 Be7 4. cxd5 exd5 5. Bf4 c6 6. e3 Bd6 7. Bxd6 Qxd6 8. Bd3 Ne7 {D31: Queen's Gambit Declined: Semi-Slav without ...Nf6 (+ Marshall Gambit and Noteboom) and Exchange Variation lines without ...Nf6.} 9. Qc2 b6 10. O-O-O {[#]} a5 $146 {The position is equal.} ({Predecessor:} 10... Ba6 11. e4 Bxd3 12. Rxd3 dxe4 13. Nxe4 Qf4+ 14. Re3 O-O 15. Nh3 Qf5 16. Rf3 Qd5 {1-0 (33) Chatalbashev,B (2564)-Colovic,A (2456) Skopje 2015}) 11. Nf3 (11. Na4 $5 {[%cal Ra4b6]}) 11... Ba6 12. e4 ({But not} 12. Bxh7 g6 $17) 12... Bxd3 13. Qxd3 Na6 14. exd5 Nb4 {[%mdl 64] [#] Double Attack} 15. Qe2 Nbxd5 16. Nxd5 Qxd5 17. Kb1 Ra7 18. Qe5 {[#] Strongly threatening Qb8+.} O-O 19. Qxd5 Nxd5 20. Rhe1 Rc7 21. Rc1 Rfc8 22. Rc2 f6 23. Nd2 Kf7 24. Nc4 {Nd6+ is the strong threat.} Rd8 25. a3 a4 26. Rec1 Rcd7 27. Ne3 Ne7 28. Nc4 Nd5 29. Ne3 Ne7 30. Nc4 Nd5 {Accuracy: White = 76%, Black = 89%.} (30... Rb8 $15) 1/2-1/2

[Event "HUN-ch Rapid 2020"]
[Site "Ajka"]
[Date "2020.07.18"]
[Round "9.15"]
[White "Horvath, Jozsef"]
[Black "Deak, Sandor"]
[Result "1-0"]
[WhiteElo "2438"]
[BlackElo "2281"]
[Annotator "TA"]
[PlyCount "75"]
[EventDate "2020.07.17"]
[EventType "swiss"]
[EventCountry "HUN"]
[SourceTitle "playchess.com"]
[Source "ChessBase"]
[SourceQuality "1"]

{[%evp 16,75,17,18,17,28,21,0,11,8,27,0,0,-15,47,47,41,26,25,24,143,85,74,84,78,59,70,64,71,66,292,292,306,283,343,283,299,300,357,351,430,422,877,879,857,869,831,854,922,931,1026,986,992,975,966,939,962,956,1463,1456,1511,1100]} 1. c4 Nf6 2. Nc3 c5 3. Nf3 Nc6 4. e3 e6 5. d4 d5 6. cxd5 exd5 7. Bb5 cxd4 8. Nxd4 Bd7 9. O-O Be7 {D32: Tarrasch Defence: Sidelines and lines without g3.} 10. Nf3 a6 11. Be2 Be6 {[#] The position is equal.} 12. b3 $146 ({Predecessor:} 12. Nd4 Nxd4 13. Qxd4 O-O 14. Rd1 Qd7 15. b3 Rfd8 16. Bb2 Rac8 17. Na4 Rc2 18. Bd3 {½-½ (25) Mikusik,M (2145)-Sinervuo,V (2042) Prague 2008}) 12... O-O 13. Bb2 Ne4 14. Nd2 {[#]} Bf6 ({Black should play} 14... Ba3 $1 $11 {[%mdl 512]} 15. Bxa3 Nxc3) 15. Ndxe4 $14 dxe4 16. Qb1 $36 {[%mdl 2048] White is more active.} Bf5 17. Rd1 Qa5 {[#]} (17... Qe8 $1 $11) 18. Nd5 (18. Rd5 $142 $1 {[%cal Rd5a5]} Qb4 19. Rxf5 Bxc3 20. Bc4 Bxb2 21. Qxb2) 18... Bxb2 $16 19. Qxb2 Qd8 20. Rd2 Qg5 21. Rad1 Rad8 22. g3 {Black must now prevent h4.} Rd6 $2 {[#] This move loses the game for Black.} ({Black should try} 22... Bh3 $14) 23. Ne7+ $1 $18 {[%mdl 512]} Qxe7 (23... Nxe7 24. Rxd6) 24. Rxd6 Bh3 25. a3 h6 26. b4 Ne5 27. Qd4 Ng4 28. Rd8 {White is clearly winning.} Kh7 (28... Nf6 $142 29. Rxf8+ Kxf8 30. Qd8+ Ne8) 29. Rxf8 {[%mdl 64] Overworked Piece} Qxf8 30. Qxe4+ {[%mdl 64] Double Attack} f5 31. Qxb7 Ne5 32. Qxa6 Bg4 33. f4 Bxe2 34. Qxe2 Ng4 35. Rd5 Qc8 36. Rc5 Qe6 37. Qd3 Kg6 38. h3 {Accuracy: White = 83%, Black = 48%.} 1-0